000 00582cam a22002052 4500
001 0000024917
005 20151217152307.0
008 140328s xx 000 0 eng d
020 _a1907816574 :
040 _aKABU
_cKABU
245 1 0 _aRenal medicine /
_cDavid Oliveira ... [et al.].
250 _a1st ed.
260 _aLondon :
_bJP Medical,
_c2013.
300 _avii, 216 p.
650 0 _aKidneys
_xDiseases.
_@0000185205
700 1 _aOliveira, David.
_@0000185206
852 1 _9p1950 KES
908 _a140328
950 _@1
999 _c10424
_d10424